00779 a2200181 4500003000500000005001700005010001600022020002200038040000900060082001600069100001800085245004600103250001200149260003200161300003300193505035100226650002000577Nust20230317113742.0 a 85131487 a0713134917 (pbk.) cNust00a621.395,GIB1 aGibson, J. R.10aElectronic logic circuits /cJ.R. Gibson. a2nd ed. aLondon :bE. Arnold,c1983. avi, 122 p. :bill. ;c25 cm. aTwo State Systems (Page-1), Basic Elements of Combinational Logic (Page-8), The Design of Combinational Logic Circuits (Page-23), Sequential Logic Elements (Page-42), Sequential Logic Systems (Page-59), The Design of Sequential Logic Circuits (Page-67), Electronic Logic Circuits (Page-88), Examples and Applications of Logic Circuits (Page-100). 0aLogic circuits.